Reading The World : Selected Writings, 1935-1976 (Record no. 579247)

MARC details
000 -LEADER
fixed length control field 01141nam a22001937a 4500
008 - FIXED-LENGTH DATA ELEMENTS--GENERAL INFORMATION
fixed length control field 250807b |||||||| |||| 00| 0 eng d
020 ## - INTERNATIONAL STANDARD BOOK NUMBER
ISBN 9780820412146
Paper back/Hardbound hbk
041 ## - LANGUAGE CODE
Language code of text/sound track or separate title eng
082 ## - DEWEY DECIMAL CLASSIFICATION NUMBER
Classification number 700
Item number FRY
245 ## - TITLE STATEMENT
Title Reading The World : Selected Writings, 1935-1976
Statement of responsibility, etc / edited by Northrop Frye and Robert D. Denham
260 ## - PUBLICATION, DISTRIBUTION, ETC. (IMPRINT)
Place of publication New York
Name of publisher P. Lang
Year of publication 1990
300 ## - PHYSICAL DESCRIPTION
Number of Pages xvi, 416 p.
Dimensions ; 24 cm
504 ## - BIBLIOGRAPHY, ETC. NOTE
Bibliography, etc Includes index
520 ## - SUMMARY, ETC.
Summary, etc Reading the World is a collection of eighty of Northrop Frye's essays, reviews, editorials, sermons, addresses, and other occasional pieces. Half of the selections were originally published in the Canadian Forum; twelve are published here for the first time. The book reveals one of the most extraordinary minds of our time engaging a wide range of political, social, artistic, religious, educational, literary, and critical questions. What emerges from the whole is a deeply moral vision rooted in the values of social democracy and an expansive imaginative vision committed to understanding the products of culture.
650 ## - SUBJECT ADDED ENTRY--TOPICAL TERM
Topical Term Arts
700 ## - ADDED ENTRY--PERSONAL NAME
Personal name Denham, Robert D.
942 ## - ADDED ENTRY ELEMENTS (KOHA)
Koha item type Reference
Holdings
Withdrawn status Lost status Damaged status Not for loan Home library Current library Shelving location Date acquired Cost, normal purchase price Full call number Accession Number Price effective from Koha item type
        Anna Centenary Library Anna Centenary Library 6TH FLOOR, B WING 21.09.2010 8740.00 700 FRY 218995 07.08.2025 Reference

Find us on the map